000 00565nam a2200181 4500
001 112794
003 ES-MaACL
005 20230906185631.0
007 t|
008 061121s1970 sp r ||||1| spa d
100 1 _aNietzsche, Friedrich,
_d1844-1900
_985718
245 1 0 _aOpiniones y sentencias
_b: Nietzsche /
_cFriedrich Nietzsche : traducción de Mª Angeles González.
260 _aBarcelona :
_bMateu,
_c1970.
300 _a185 p. ;
_c18 cm.
700 1 _aGonzález, Mª Angeles.
_958358
852 _aES-MaACL
_jC-47659
_bR.75227
999 _c112794
_d112794